[Event "EU-ch U12 rapid"]
[Site "Terme Catez"]
[Date "2023.09.28"]
[Round "1"]
[White "Kraucenka, Justas"]
[Black "Bouska, Jiri"]
[Result "0-1"]
[WhiteElo "1354"]
[BlackElo "2176"]
[PlyCount "76"]
[EventDate "2023.09.28"]
[EventType "swiss (rapid)"]
[EventRounds "9"]
[EventCountry "SLO"]
[SourceTitle "EXT 2024"]
[Source "ChessBase"]
[SourceDate "2023.10.10"]
[SourceVersion "1"]
[SourceVersionDate "2023.10.10"]
[SourceQuality "1"]

1. d4 Nf6 2. Nf3 e6 3. Bf4 d5 4. e3 c5 5. c4 Bd6 6. Bg3 Nc6 7. Nc3 cxd4 8. Nxd4 a6 9. Be2 0-0 10. cxd5 Nxd5 11. Nxd5 Bxg3 12. hxg3 Qxd5 13. Bf3 Qa5+ 14. Qd2 Qxd2+ 15. Kxd2 Ne5 16. Be4 f5 17. Bd3 Nxd3 18. Kxd3 e5 19. Nb3 Bd7 20. a4 Be6 21. Nc5 Rfd8+ 22. Ke2 Bc4+ 23. Kf3 Rd2 24. Rhe1 b6 25. b3 Bf7 26. b4 bxc5 27. bxc5 Bd5+ 28. e4 Bxe4+ 29. Ke3 Rad8 30. Ra3 R8d3+ 31. Rxd3 Rxd3+ 32. Ke2 Rc3 33. f3 Bc6 34. a5 Rxc5 35. Ra1 Bb5+ 36. Ke3 Rc2 37. f4 Re2+ 38. Kf3 e4# 0-1

[Event "Pardubice rapid op 34th"]
[Site "Pardubice"]
[Date "2023.07.20"]
[Round "6"]
[White "Iniyan, Panneerseluam"]
[Black "Bouska, Jiri"]
[Result "1-0"]
[WhiteElo "2525"]
[BlackElo "2164"]
[PlyCount "59"]
[EventDate "2023.07.19"]
[EventType "swiss (rapid)"]
[EventRounds "9"]
[EventCountry "CZE"]
[SourceTitle "CBM 215 Extra"]
[Source "ChessBase"]
[SourceDate "2023.09.30"]
[SourceVersion "1"]
[SourceVersionDate "2023.09.30"]
[SourceQuality "1"]

1. d4 d5 2. c4 e6 3. Nc3 Nf6 4. Bg5 Be7 5. e3 0-0 6. Nf3 b6 7. Rc1 Bb7 8. cxd5 Nxd5 9. Bxe7 Qxe7 10. Bd3 Nxc3 11. Rxc3 Na6 12. a3 c5 13. 0-0 cxd4 14. Nxd4 Nc5 15. Bb1 Qg5 16. Nf3 Qg4 17. h3 Qh5 18. b4 Rad8 19. Nd4 Qxd1 20. Rxd1 Na4 21. Rc7 e5 22. Rxb7 Nc3 23. Re1 exd4 24. exd4 Nb5 25. a4 Nc3 26. Rc7 Nxa4 27. Ba2 g6 28. Ree7 Rxd4 29. Bxf7+ Kh8 30. Bb3 1-0

[Event "Pardubice Czech op-E 34th"]
[Site "Pardubice"]
[Date "2023.07.16"]
[Round "6"]
[White "Bouska, Jiri"]
[Black "Svejk, Martin"]
[Result "1/2-1/2"]
[WhiteElo "2164"]
[BlackElo "2054"]
[PlyCount "53"]
[EventDate "2023.07.13"]
[EventType "team-swiss"]
[EventRounds "7"]
[EventCountry "CZE"]
[SourceTitle "CBM 215 Extra"]
[Source "ChessBase"]
[SourceDate "2023.09.30"]
[SourceVersion "1"]
[SourceVersionDate "2023.09.30"]
[SourceQuality "1"]
[WhiteTeam "Turnov Zikuda II"]
[BlackTeam "Mlada Boleslav Sokol"]
[WhiteTeamCountry "CZE"]
[BlackTeamCountry "CZE"]

1. e4 g6 2. d4 Bg7 3. Nc3 d6 4. Be3 Nf6 5. Qd2 0-0 6. h3 Re8 7. 0-0-0 Nc6 8. f4 e6 9. Nf3 Ne7 10. Bd3 b6 11. g4 Bb7 12. Rhf1 Qc8 13. f5 exf5 14. gxf5 gxf5 15. exf5 Nxf5 16. Bxf5 Qxf5 17. Nh4 Qxh3 18. Nf5 Ne4 19. Nxe4 Bxe4 20. Nxg7 Kxg7 21. d5 Re5 22. Bd4 Rae8 23. Rfe1 Bg6 24. Rh1 Qf5 25. Rdf1 Qe4 26. Rhg1 Kg8 27. Bxe5 1/2-1/2

[Event "Prague Futures 5th"]
[Site "Prague"]
[Date "2023.06.27"]
[Round "3"]
[White "Bouska, Jiri"]
[Black "Cieslak, Patryk"]
[Result "1/2-1/2"]
[WhiteElo "2189"]
[BlackElo "2280"]
[PlyCount "64"]
[EventDate "2023.06.24"]
[EventType "tourn"]
[EventRounds "5"]
[EventCountry "CZE"]
[SourceTitle "CBM 215 Extra"]
[Source "ChessBase"]
[SourceDate "2023.09.30"]
[SourceVersion "1"]
[SourceVersionDate "2023.09.30"]
[SourceQuality "1"]

1. e4 c5 2. Nf3 d6 3. d4 cxd4 4. Nxd4 Nf6 5. Nc3 a6 6. Be2 e5 7. Nf3 h6 8. Nd2 Be7 9. Nc4 b5 10. Ne3 0-0 11. 0-0 Be6 12. a4 b4 13. Ncd5 Nc6 14. Nxf6+ Bxf6 15. Nd5 Bxd5 16. exd5 Nb8 17. Bd3 Bg5 18. Qg4 Bxc1 19. Raxc1 a5 20. Qf5 g6 21. Qh3 Kg7 22. f4 exf4 23. Bb5 Qg5 24. Qd3 Qf6 25. c3 bxc3 26. Rxc3 Ra7 27. g3 Nd7 28. Rxf4 Qe7 29. Bxd7 Rxd7 30. Qd4+ Qe5 31. Re4 Qxd4+ 32. Rxd4 Rb8 1/2-1/2

[Event "EU-ch 23rd"]
[Site "Vrnjacka Banja"]
[Date "2023.03.04"]
[Round "2"]
[White "Alfirevic, Duje"]
[Black "Bouska, Jiri"]
[Result "1/2-1/2"]
[WhiteElo "1924"]
[BlackElo "2257"]
[PlyCount "66"]
[EventDate "2023.03.03"]
[EventType "swiss"]
[EventRounds "11"]
[EventCountry "SRB"]
[SourceTitle "CBM 213"]
[Source "ChessBase"]
[SourceDate "2023.04.30"]
[SourceVersion "1"]
[SourceVersionDate "2023.04.30"]
[SourceQuality "1"]

1. e4 c5 2. Nf3 Nc6 3. Bb5 g6 4. 0-0 Bg7 5. c3 Nf6 6. Re1 0-0 7. d4 d5 8. e5 Ne4 9. Bxc6 bxc6 10. Be3 Qb6 11. Qc1 Rb8 12. b3 cxd4 13. cxd4 f6 14. exf6 exf6 15. Nc3 Nxc3 16. Qxc3 Bg4 17. Bf4 Rbc8 18. Bd6 Rfe8 19. Bc5 Qc7 20. Rxe8+ Rxe8 21. Re1 Rxe1+ 22. Nxe1 Bf5 23. Nc2 Qf4 24. Nb4 Qe4 25. h3 Bh6 26. Bd6 Bd7 27. Nxc6 Qe6 28. Ne7+ Kf7 29. Qc7 Qe1+ 30. Kh2 Qxf2 31. Qxd7 Bf4+ 32. Bxf4 Qxf4+ 33. Kh1 Qf1+ 1/2-1/2

[Event "EU-ch 23rd"]
[Site "Vrnjacka Banja"]
[Date "2023.03.03"]
[Round "1"]
[White "Bouska, Jiri"]
[Black "Azarov, Sergei Nikolaevich"]
[Result "0-1"]
[WhiteElo "2257"]
[BlackElo "2559"]
[PlyCount "86"]
[EventDate "2023.03.03"]
[EventType "swiss"]
[EventRounds "11"]
[EventCountry "SRB"]
[SourceTitle "CBM 213"]
[Source "ChessBase"]
[SourceDate "2023.04.30"]
[SourceVersion "1"]
[SourceVersionDate "2023.04.30"]
[SourceQuality "1"]

1. e4 c5 2. Nf3 Nc6 3. d4 cxd4 4. Nxd4 Nf6 5. Nc3 e5 6. Nb3 Be7 7. Be3 0-0 8. Be2 Bb4 9. Bf3 Bxc3+ 10. bxc3 d6 11. 0-0 Be6 12. Bg5 h6 13. Bxf6 Qxf6 14. Qxd6 Rfd8 15. Qc5 Rac8 16. Qe3 Qg5 17. Qxg5 hxg5 18. Rfd1 Rxd1+ 19. Rxd1 Nb8 20. Be2 Nd7 21. c4 Nb6 22. Na5 Na4 23. Nxb7 Nc3 24. Re1 Nxe2+ 25. Rxe2 Rb8 26. h4 Rxb7 27. hxg5 Bxc4 28. Re3 Bxa2 29. Ra3 Bc4 30. Ra5 Bb5 31. g3 Kf8 32. f4 a6 33. fxe5 Rc7 34. Kf2 Rc3 35. Ra1 Ke7 36. Rd1 Rxc2+ 37. Ke3 Rc3+ 38. Kf4 Be2 39. Re1 Rf3+ 40. Kg4 Rf2+ 41. Kh3 Bb5 42. Rc1 Bd7+ 43. g4 Rf4 0-1

[Event "CZE-chT1W 2223"]
[Site "Czech Republic"]
[Date "2023.02.12"]
[Round "8.6"]
[White "Bouska, Jiri"]
[Black "Karasek, Lukas"]
[Result "0-1"]
[WhiteElo "2171"]
[BlackElo "2238"]
[PlyCount "76"]
[EventDate "2022.10.09"]
[EventType "team-tourn"]
[EventRounds "11"]
[EventCountry "CZE"]
[SourceTitle "CBM 213 Extra"]
[Source "ChessBase"]
[SourceDate "2023.05.31"]
[SourceVersion "1"]
[SourceVersionDate "2023.05.31"]
[SourceQuality "1"]
[WhiteTeam "Polabiny III"]
[BlackTeam "Gordic"]
[WhiteTeamCountry "CZE"]
[BlackTeamCountry "CZE"]

1. e4 c5 2. Nf3 d6 3. d4 cxd4 4. Nxd4 Nf6 5. Nc3 a6 6. Be2 e5 7. Nb3 Be7 8. Be3 Be6 9. Nd5 Nbd7 10. Qd3 0-0 11. 0-0 Re8 12. f3 Bxd5 13. exd5 Nb6 14. Bxb6 Qxb6+ 15. Kh1 Nd7 16. c4 f5 17. Rab1 Bg5 18. Rfe1 Rac8 19. Bf1 a5 20. Qc3 a4 21. c5 dxc5 22. Na5 Qh6 23. Re2 b6 24. Nc6 Bf4 25. h3 Qg5 26. Qe1 e4 27. fxe4 fxe4 28. Rd1 Bd6 29. g4 Nf6 30. Rg2 e3 31. Bd3 Ne4 32. Bxe4 Rxe4 33. h4 Qf6 34. Kg1 e2 35. Rxe2 Rxg4+ 36. Rg2 Rxg2+ 37. Kxg2 Qf3+ 38. Kg1 Qg4+ 0-1

[Event "EU-ch Rapid"]
[Site "Katowice"]
[Date "2022.12.17"]
[Round "2"]
[White "Bouska, Jiri"]
[Black "Hovhannisyan, Robert"]
[Result "0-1"]
[WhiteElo "2238"]
[BlackElo "2597"]
[PlyCount "136"]
[EventDate "2022.12.17"]
[EventType "swiss (rapid)"]
[EventRounds "11"]
[EventCountry "POL"]
[SourceTitle "CBM 211 Extra"]
[Source "ChessBase"]
[SourceDate "2023.01.31"]
[SourceVersion "1"]
[SourceVersionDate "2023.01.31"]
[SourceQuality "1"]

1. e4 c6 2. Nf3 d5 3. Nc3 Bg4 4. h3 Bxf3 5. Qxf3 e6 6. Be2 Bc5 7. 0-0 Ne7 8. Rd1 Bd4 9. Bf1 g6 10. Ne2 Bg7 11. d4 0-0 12. c3 Nd7 13. Bf4 Rc8 14. Ng3 a6 15. Rac1 Qb6 16. Bd6 Rfe8 17. b4 a5 18. a3 Ra8 19. Rb1 axb4 20. axb4 Nc8 21. Bf4 Ne7 22. Bd6 Nc8 23. Bf4 Na7 24. c4 dxc4 25. Bxc4 Nb5 26. e5 Na3 27. Rbc1 Nxc4 28. Rxc4 Qb5 29. Qb3 Nb6 30. Rc5 Qa4 31. Rb1 Nd5 32. Bd2 f5 33. Ne2 Qxb3 34. Rxb3 Ra2 35. Rd3 Bf8 36. Rc4 Bxb4 37. Bxb4 Rxe2 38. Bd2 Ra8 39. Kf1 Re4 40. f3 Rh4 41. Bg5 Rh5 42. h4 f4 43. Rc1 h6 44. Bf6 Nxf6 45. exf6 Rxh4 46. Kg1 Rh5 47. Rb3 Ra7 48. Rcb1 b5 49. Rc1 Ra6 50. Rbc3 b4 51. Rxc6 Rxc6 52. Rxc6 Rb5 53. Rxe6 b3 54. Re1 Kf7 55. Kf2 b2 56. Rb1 Kxf6 57. Ke2 Ke6 58. Kd3 Kd5 59. Kc3 h5 60. Kd3 g5 61. Kc3 g4 62. fxg4 hxg4 63. Kd3 Rb8 64. Kc3 f3 65. gxf3 gxf3 66. Kd3 f2 67. Ke2 Kxd4 68. Kxf2 Kc3 0-1

[Event "EU-ch Rapid"]
[Site "Katowice"]
[Date "2022.12.17"]
[Round "5"]
[White "Kozak, Antoni"]
[Black "Bouska, Jiri"]
[Result "1-0"]
[WhiteElo "2422"]
[BlackElo "2238"]
[PlyCount "103"]
[EventDate "2022.12.17"]
[EventType "swiss (rapid)"]
[EventRounds "11"]
[EventCountry "POL"]
[SourceTitle "CBM 211 Extra"]
[Source "ChessBase"]
[SourceDate "2023.01.31"]
[SourceVersion "1"]
[SourceVersionDate "2023.01.31"]
[SourceQuality "1"]

1. d4 Nf6 2. Nf3 g6 3. Bf4 Bg7 4. e3 0-0 5. Be2 c5 6. c3 d6 7. h3 Qb6 8. Qb3 Be6 9. Qa3 Nc6 10. Nbd2 Qa5 11. Qxa5 Nxa5 12. 0-0 Rac8 13. Rfe1 a6 14. Bd3 Rfd8 15. Rac1 b5 16. b3 c4 17. Bc2 Nd5 18. b4 Nc6 19. Nb1 Nxf4 20. exf4 Bd5 21. Nh2 e5 22. dxe5 dxe5 23. f5 Ne7 24. Ng4 f6 25. Ne3 gxf5 26. Nxf5 Nxf5 27. Bxf5 Rc6 28. Rc2 Rcd6 29. Ree2 Bh6 30. Nd2 Bxg2 31. Nxc4 bxc4 32. Kxg2 Kg7 33. Re4 Rc6 34. Rg4+ Kh8 35. Rh4 Kg7 36. Re2 Rd2 37. Ree4 Bf4 38. Rxh7+ Kg8 39. Ra7 Rxa2 40. b5 Rc5 41. bxa6 Rc6 42. Rxc4 Raxa6 43. Rxa6 Rxa6 44. Rc8+ Kg7 45. Rc7+ Kg8 46. Kf3 Bh6 47. Kg4 Ra4+ 48. Kh5 Bg5 49. c4 Ra3 50. h4 Rf3 51. Kg6 Bh6 52. Rc8+ 1-0

[Event "CZE-chT2D 2223"]
[Site "Czech Republic"]
[Date "2022.11.20"]
[Round "3.3"]
[White "Juptner, Jan"]
[Black "Bouska, Jiri"]
[Result "1/2-1/2"]
[WhiteElo "2217"]
[BlackElo "2171"]
[PlyCount "121"]
[EventDate "2022.10.16"]
[EventType "team-tourn"]
[EventRounds "11"]
[EventCountry "CZE"]
[SourceTitle "EXT 2024"]
[Source "ChessBase"]
[SourceDate "2023.10.10"]
[SourceVersion "1"]
[SourceVersionDate "2023.10.10"]
[SourceQuality "1"]
[WhiteTeam "Hradec Kralove Lipky"]
[BlackTeam "Polabiny IV"]
[WhiteTeamCountry "CZE"]
[BlackTeamCountry "CZE"]

1. d4 Nf6 2. c4 g6 3. Nf3 Bg7 4. e3 0-0 5. Be2 c5 6. d5 d6 7. Nc3 e6 8. 0-0 exd5 9. cxd5 Bg4 10. h3 Bxf3 11. Bxf3 a6 12. a4 Nbd7 13. Be2 Re8 14. Qc2 Qe7 15. a5 Ne4 16. Ra4 Nxc3 17. bxc3 b5 18. axb6 Nxb6 19. Rxa6 Rxa6 20. Bxa6 Nxd5 21. Bb5 Rb8 22. c4 Nc7 23. Bc6 Rb6 24. Bf3 Qe5 25. Bd2 Qb2 26. Qd3 Qa2 27. Rd1 Be5 28. g4 Rb2 29. Bc6 Rb3 30. Qe4 Rb2 31. Be1 Qb3 32. Rc1 Bf6 33. Ba5 Ne6 34. Rf1 Qa2 35. Be1 Rc2 36. Qd3 Be5 37. Be4 Rb2 38. Bd5 Nc7 39. Be4 Ne6 40. h4 Qb3 41. Qxb3 Rxb3 42. Bd2 Bc3 43. Bc1 Bb4 44. Rd1 Rc3 45. Bd3 Kf8 46. g5 Ba3 47. Bxa3 Rxa3 48. Be4 Rc3 49. Bd3 Ke7 50. Be2 Rc2 51. Kf1 Rb2 52. Ra1 Nc7 53. Ra7 Kd7 54. Bg4+ Kd8 55. h5 Rb4 56. Be2 Rb1+ 57. Kg2 Rb2 58. Bd3 Rb3 59. hxg6 hxg6 60. Bf1 Kc8 61. Kg3 1/2-1/2

[Event "CZE-chT1W 2223"]
[Site "Czech Republic"]
[Date "2022.10.30"]
[Round "2.4"]
[White "Jurcik, Marian"]
[Black "Bouska, Jiri"]
[Result "1/2-1/2"]
[WhiteElo "2400"]
[BlackElo "2171"]
[PlyCount "125"]
[EventDate "2022.10.09"]
[EventType "team-tourn"]
[EventRounds "11"]
[EventCountry "CZE"]
[SourceTitle "CBM 213 Extra"]
[Source "ChessBase"]
[SourceDate "2023.05.31"]
[SourceVersion "1"]
[SourceVersionDate "2023.05.31"]
[SourceQuality "1"]
[WhiteTeam "Unichess Sousek"]
[BlackTeam "Polabiny III"]
[WhiteTeamCountry "CZE"]
[BlackTeamCountry "CZE"]

1. e4 c5 2. Nf3 Nc6 3. d4 cxd4 4. Nxd4 g6 5. c4 Nf6 6. Nc3 d6 7. Nc2 Bg7 8. Be2 0-0 9. 0-0 Be6 10. b3 Nd7 11. Bd2 a5 12. Rb1 Nc5 13. Ne3 Nd4 14. Bg4 Bxg4 15. Qxg4 f5 16. exf5 gxf5 17. Qh4 e6 18. Qxd8 Raxd8 19. f4 Nd3 20. g3 Kf7 21. Kg2 h5 22. Na4 Nc6 23. Rfd1 Rg8 24. Nc2 Bh6 25. Be3 Ndb4 26. Nxb4 axb4 27. Bb6 Rd7 28. Kf3 Ke7 29. Rb2 e5 30. Be3 Rg6 31. Rbd2 Rd8 32. c5 d5 33. fxe5 Bxe3 34. Kxe3 d4+ 35. Kf2 Re6 36. Nb2 Rxe5 37. Nd3 Re4 38. Kg2 Kf6 39. Rf1 Rd5 40. Rc1 h4 41. Rc4 hxg3 42. hxg3 Ne5 43. Nxb4 Rd7 44. Rc1 d3 45. a3 f4 46. gxf4 Rxf4 47. Rf2 Kf5 48. Rd1 Rxf2+ 49. Kxf2 Kf4 50. Rh1 Ng4+ 51. Ke1 d2+ 52. Ke2 Nf2 53. Kxf2 d1Q 54. Rxd1 Rxd1 55. Ke2 Rb1 56. Kd3 Rxb3+ 57. Kc4 Rxa3 58. c6 bxc6 59. Nxc6 Ke4 60. Kc5 Rc3+ 61. Kd6 Rc4 62. Ne7 Rd4+ 63. Kc5 1/2-1/2

[Event "Pardubice Czech op-A 33rd"]
[Site "Pardubice"]
[Date "2022.07.22"]
[Round "1"]
[White "Bouska, Jiri"]
[Black "Lalic, Bogdan"]
[Result "0-1"]
[WhiteElo "2157"]
[BlackElo "2412"]
[PlyCount "62"]
[EventDate "2022.07.22"]
[EventType "swiss"]
[EventRounds "9"]
[EventCountry "CZE"]
[SourceTitle "CBM 209 Extra"]
[Source "ChessBase"]
[SourceDate "2022.09.30"]
[SourceVersion "1"]
[SourceVersionDate "2022.09.30"]
[SourceQuality "1"]

1. e4 c5 2. Nf3 Nc6 3. d4 cxd4 4. Nxd4 e5 5. Nb5 d6 6. a4 a6 7. N5a3 Be7 8. Be3 Nf6 9. Bd3 d5 10. exd5 Nxd5 11. Bd2 0-0 12. 0-0 Be6 13. Nc3 Ndb4 14. Bc4 Bxc4 15. Nxc4 Qd4 16. b3 Rad8 17. Rc1 f5 18. Qf3 Qd7 19. Be3 Nd4 20. Bxd4 exd4 21. Ne2 Bg5 22. Rcd1 Nxc2 23. Qd3 Rfe8 24. Nd2 Qd5 25. Ng3 Nb4 26. Qxf5 Qxf5 27. Nxf5 d3 28. f4 Bf6 29. Rc1 Re2 30. Rfd1 Na2 31. Rc4 Nc3 0-1

[Event "Pardubice rapid op 33rd"]
[Site "Pardubice"]
[Date "2022.07.21"]
[Round "6"]
[White "Bouska, Jiri"]
[Black "Mikolas, Petr"]
[Result "1-0"]
[WhiteElo "2157"]
[BlackElo "1555"]
[PlyCount "43"]
[EventDate "2022.07.20"]
[EventType "swiss (rapid)"]
[EventRounds "9"]
[EventCountry "CZE"]
[SourceTitle "CBM 209 Extra"]
[Source "ChessBase"]
[SourceDate "2022.09.30"]
[SourceVersion "1"]
[SourceVersionDate "2022.09.30"]
[SourceQuality "1"]

1. e4 e6 2. d4 d5 3. exd5 exd5 4. Nf3 c6 5. Bd3 Bd6 6. 0-0 Ne7 7. Re1 0-0 8. Bg5 f6 9. Bh4 Nf5 10. Nbd2 Qc7 11. Nf1 Nxh4 12. Nxh4 g6 13. c3 Bd7 14. Qc2 Na6 15. Bxg6 hxg6 16. Qxg6+ Kh8 17. Qh6+ Kg8 18. Ng6 f5 19. Ne7+ Bxe7 20. Rxe7 Rf7 21. Qg6+ Kh8 22. Rxf7 1-0

[Event "Pardubice rapid op 33rd"]
[Site "Pardubice"]
[Date "2022.07.21"]
[Round "9"]
[White "Sosnik, Sebastian"]
[Black "Bouska, Jiri"]
[Result "1-0"]
[WhiteElo "2255"]
[BlackElo "2157"]
[PlyCount "89"]
[EventDate "2022.07.20"]
[EventType "swiss (rapid)"]
[EventRounds "9"]
[EventCountry "CZE"]
[SourceTitle "CBM 209 Extra"]
[Source "ChessBase"]
[SourceDate "2022.09.30"]
[SourceVersion "1"]
[SourceVersionDate "2022.09.30"]
[SourceQuality "1"]

1. e4 c5 2. Nf3 Nc6 3. d4 cxd4 4. Nxd4 g6 5. c4 Nf6 6. Nc3 d6 7. Be2 Nxd4 8. Qxd4 Bg7 9. 0-0 0-0 10. Bg5 Be6 11. Qe3 Qa5 12. Rac1 Rfc8 13. b3 a6 14. a4 Qc5 15. Qxc5 Rxc5 16. Nd5 Bxd5 17. exd5 Ne4 18. Be3 Rcc8 19. Bf3 Nf6 20. a5 Nd7 21. b4 Rc7 22. Rc2 Rac8 23. Rfc1 Ne5 24. Be2 f5 25. f4 Nd7 26. c5 dxc5 27. bxc5 Nf6 28. Bc4 Kf8 29. c6 bxc6 30. Bxa6 Ra8 31. Rxc6 Nxd5 32. Rxc7 Rxa6 33. Rc8+ Kf7 34. Bd2 Bd4+ 35. Kf1 Nf6 36. R1c6 Ra7 37. Rc4 Rd7 38. a6 Ne4 39. Bb4 Bb6 40. R4c6 Be3 41. R8c7 Rd8 42. Rxe7+ Kg8 43. Rcc7 Nf6 44. a7 Bxa7 45. Rxa7 1-0

[Event "Pardubice rapid op 33rd"]
[Site "Pardubice"]
[Date "2022.07.20"]
[Round "3"]
[White "Juchelka, Marek"]
[Black "Bouska, Jiri"]
[Result "1/2-1/2"]
[WhiteElo "1803"]
[BlackElo "2157"]
[PlyCount "141"]
[EventDate "2022.07.20"]
[EventType "swiss (rapid)"]
[EventRounds "9"]
[EventCountry "CZE"]
[SourceTitle "CBM 209 Extra"]
[Source "ChessBase"]
[SourceDate "2022.09.30"]
[SourceVersion "1"]
[SourceVersionDate "2022.09.30"]
[SourceQuality "1"]

1. e4 c5 2. Nf3 Nc6 3. c3 d5 4. exd5 Qxd5 5. Be2 g6 6. 0-0 Bg7 7. d3 Nf6 8. h3 0-0 9. Be3 Bf5 10. Nh4 Be6 11. Nd2 Ne5 12. Nb3 b6 13. d4 cxd4 14. Nxd4 Rfd8 15. Qc1 Rac8 16. Nxe6 Qxe6 17. Nf3 Nxf3+ 18. Bxf3 Qf5 19. Re1 e5 20. Bg5 Re8 21. Qe3 h6 22. Bxh6 e4 23. Bxg7 Kxg7 24. Bd1 Rcd8 25. Bc2 Qb5 26. b3 Qc6 27. Rad1 Rc8 28. c4 Re6 29. Bb1 Rce8 30. Rd4 Qc7 31. Qc3 Kg8 32. Re3 Qf4 33. Qe1 a5 34. Qe2 Re5 35. Rd6 R5e6 36. Rd4 Qe5 37. Qd2 Qc5 38. Qd1 Re5 39. Rd6 R5e6 40. Rd4 b5 41. Qd2 bxc4 42. Rxc4 Qg5 43. Qd4 Qf4 44. g3 Qf5 45. Kg2 R6e7 46. Rc5 Qe6 47. Rxa5 Rd7 48. Qc4 Qe7 49. b4 Rb7 50. b5 Rc7 51. Qb3 Qc5 52. Ra6 Qe5 53. b6 Rb7 54. Ra4 Qc5 55. Rb4 Re6 56. Bxe4 Rbxb6 57. Rxb6 Rxb6 58. Qd3 Rd6 59. Qe2 Qb4 60. Bd3 Kg7 61. Qc2 Qb7+ 62. Be4 Qb4 63. Bd3 Qb7+ 64. Be4 Qb4 65. Bf3 Rd2 66. Qc3 Qxc3 67. Rxc3 Rxa2 68. h4 Rb2 69. g4 Rb4 70. Kg3 Rxg4+ 71. Bxg4 1/2-1/2

[Event "Prague Futures 4th"]
[Site "Prague"]
[Date "2022.06.11"]
[Round "4"]
[White "Bouska, Jiri"]
[Black "Kuru, Atilla"]
[Result "0-1"]
[WhiteElo "2191"]
[BlackElo "1949"]
[PlyCount "90"]
[EventDate "2022.06.08"]
[EventType "tourn"]
[EventRounds "9"]
[EventCountry "CZE"]
[SourceTitle "CBM 208 Extra"]
[Source "ChessBase"]
[SourceDate "2022.07.31"]
[SourceVersion "1"]
[SourceVersionDate "2022.07.31"]
[SourceQuality "1"]

1. e4 e6 2. d4 d5 3. Nd2 c5 4. Ngf3 cxd4 5. Nxd4 Nc6 6. Bb5 Bd7 7. Nxc6 bxc6 8. Bd3 Bd6 9. Qe2 Ne7 10. e5 Bc5 11. Nb3 Bb6 12. Be3 Qc7 13. f4 c5 14. c4 d4 15. Bf2 Ba5+ 16. Nxa5 Qxa5+ 17. Qd2 Qxd2+ 18. Kxd2 a5 19. g4 Rb8 20. Rab1 Nc6 21. b3 h5 22. gxh5 Rxh5 23. h4 Nb4 24. Be2 Rf5 25. a3 Na2 26. Bg3 Nc3 27. Bd3 Bc6 28. Bxf5 exf5 29. Rhg1 Be4 30. Rb2 Na4 31. Rbb1 Bxb1 32. bxa4 Be4 33. Be1 Rb2+ 34. Kd1 d3 35. Bd2 g6 36. Rg3 Rc2 37. Bxa5 Rxc4 38. Bb6 Rc3 39. e6 c4 40. Bc5 fxe6 41. Rxg6 Bf3+ 42. Ke1 Rc1+ 43. Kd2 Rc2+ 44. Ke3 d2 45. Rxe6+ Kf7 0-1

[Event "CZE-ch"]
[Site "Usti nad Labem"]
[Date "2022.05.22"]
[Round "9"]
[White "Bouska, Jiri"]
[Black "Soucek, Petr"]
[Result "1/2-1/2"]
[WhiteElo "2117"]
[BlackElo "2177"]
[PlyCount "138"]
[EventDate "2022.05.14"]
[EventType "swiss"]
[EventRounds "9"]
[EventCountry "CZE"]
[SourceTitle "CBM 208 Extra"]
[Source "ChessBase"]
[SourceDate "2022.07.31"]
[SourceVersion "1"]
[SourceVersionDate "2022.07.31"]
[SourceQuality "1"]

1. e4 d6 2. d4 Nf6 3. Nc3 e5 4. Nge2 Nc6 5. g3 Be7 6. Bg2 0-0 7. 0-0 Re8 8. h3 exd4 9. Nxd4 Nxd4 10. Qxd4 Nd7 11. Nd5 Bf8 12. Bd2 c6 13. Ne3 Qb6 14. Bc3 Nf6 15. Qd3 Nd7 16. b4 Ne5 17. Qe2 Be6 18. Kh2 Nc4 19. Nxc4 Qa6 20. Qd2 Bxc4 21. Rfe1 Rad8 22. a4 Rd7 23. b5 Qb6 24. Bd4 c5 25. Bc3 Qc7 26. Rad1 Red8 27. Qf4 Be6 28. Re2 Qb6 29. Red2 a6 30. Bf1 c4 31. bxa6 Qxa6 32. a5 Qb5 33. Bg2 Qc5 34. Bd4 Qxa5 35. Qe3 Re8 36. f4 Qb5 37. Qf2 f5 38. exf5 Bxf5 39. Bc3 Be4 40. Bxe4 Rxe4 41. Qf3 Rde7 42. Be5 c3 43. Rd3 Qa4 44. Bxc3 Re2+ 45. Kg1 Qxc2 46. f5 R7e4 47. f6 gxf6 48. Kf1 Rh2 49. R3d2 Rxd2 50. Rxd2 Qb1+ 51. Kg2 f5 52. Qh5 Re6 53. Rf2 Qe4+ 54. Kh2 d5 55. Qg5+ Rg6 56. Qxf5 Qxf5 57. Rxf5 Rc6 58. Bd4 Rc2+ 59. Kh1 b5 60. Rxd5 b4 61. Rb5 h6 62. Rb7 Rd2 63. Be5 Re2 64. Bd4 Rd2 65. Be5 Re2 66. Bd4 Re4 67. Bf6 Re6 68. Bd4 Re4 69. Bf6 Re6 1/2-1/2

[Event "CZE-ch"]
[Site "Usti nad Labem"]
[Date "2022.05.21"]
[Round "8"]
[White "Sykora, Marek1111"]
[Black "Bouska, Jiri"]
[Result "1-0"]
[WhiteElo "2249"]
[BlackElo "2117"]
[PlyCount "101"]
[EventDate "2022.05.14"]
[EventType "swiss"]
[EventRounds "9"]
[EventCountry "CZE"]
[SourceTitle "CBM 208 Extra"]
[Source "ChessBase"]
[SourceDate "2022.07.31"]
[SourceVersion "1"]
[SourceVersionDate "2022.07.31"]
[SourceQuality "1"]

1. e4 c5 2. c3 d5 3. exd5 Qxd5 4. d4 g6 5. Nf3 Bg7 6. Na3 cxd4 7. Bc4 Qe4+ 8. Be3 Nh6 9. cxd4 0-0 10. 0-0 Bg4 11. Ng5 Qxe3 12. fxe3 Bxd1 13. Raxd1 Nc6 14. Nc2 Rac8 15. b3 Nf5 16. Nxf7 Na5 17. Nh6+ Kh8 18. Nxf5 gxf5 19. Bd3 e6 20. g3 Nc6 21. Na3 Bh6 22. Rfe1 a6 23. Nc4 b5 24. Nd6 Rb8 25. d5 exd5 26. Nxf5 Bg5 27. Bb1 Rbd8 28. Rc1 Rc8 29. Rc5 Ne5 30. Rxc8 Rxc8 31. Kg2 Rd8 32. h4 Bf6 33. Rc1 Re8 34. Rc7 Ng4 35. Nd6 Nxe3+ 36. Kf3 Re7 37. Rc8+ Kg7 38. Ne8+ Kf7 39. Nxf6 Kxf6 40. Rc6+ Kg7 41. Rxa6 Nd1 42. h5 Rf7+ 43. Kg4 Rf6 44. Ra7+ Rf7 45. h6+ Kf6 46. Rxf7+ Kxf7 47. a4 bxa4 48. bxa4 d4 49. a5 Nc3 50. a6 Nb5 51. Bxh7 1-0

[Event "CZE-ch"]
[Site "Usti nad Labem"]
[Date "2022.05.18"]
[Round "5"]
[White "Bouska, Jiri"]
[Black "Freisler, Pavel"]
[Result "1-0"]
[WhiteElo "2117"]
[BlackElo "2239"]
[PlyCount "69"]
[EventDate "2022.05.14"]
[EventType "swiss"]
[EventRounds "9"]
[EventCountry "CZE"]
[SourceTitle "CBM 208 Extra"]
[Source "ChessBase"]
[SourceDate "2022.07.31"]
[SourceVersion "1"]
[SourceVersionDate "2022.07.31"]
[SourceQuality "1"]

1. e4 e5 2. Nf3 Nc6 3. Bb5 a6 4. Ba4 Nf6 5. d3 Bc5 6. 0-0 d6 7. h3 0-0 8. c3 Ba7 9. Nbd2 Ne7 10. Re1 Ng6 11. Nf1 c6 12. Ng3 Re8 13. d4 h6 14. Be3 Qc7 15. Qd2 Kh7 16. Bc2 c5 17. Nf5 exd4 18. Bxh6 Bxf5 19. exf5 gxh6 20. fxg6+ fxg6 21. Nh4 Rxe1+ 22. Rxe1 Rg8 23. Re6 Qf7 24. Qe2 Kh8 25. Re7 Re8 26. Nxg6+ Kg8 27. Bb3 d5 28. Bxd5 Nxd5 29. Rxe8+ Kg7 30. Nh8 Qf5 31. c4 d3 32. Qe1 d2 33. Qxd2 Nf6 34. Re7+ Kxh8 35. Qxh6+ 1-0